Reines et princes consorts d'Angleterre (1066-1688) - Statistiques

Statistiques générales
  • Ce quiz a été pris 4 fois
  • Le résultat moyen est 9 sur 34
Statistiques - réponses
Hint Réponse % Correct
Henri II Aliénor d'Aquitaine
67%
Henri VIII Anne Boleyn
67%
Mathilde l'Emperesse Geoffroy d'Anjou
67%
Guillaume le Conquérant Mathilde de Flandres
67%
Henri Ier Adélaïde de Louvain
33%
Henri VIII Anne de Clèves
33%
Richard Cœur de Lion Bérengère de Navarre
33%
Henri VIII Catherine d'Aragon
33%
Henri V Catherine de Valois
33%
Henri VIII Catherine Howard
33%
Henri VIII Catherine Parr
33%
Édouard Ier Éléonore de Castille
33%
Henri III Éléonore de Provence
33%
Henri VII Élisabeth d'York
33%
Édouard IV Élisabeth Woodville
33%
Jean sans Terre Isabelle d'Angoulême
33%
Édouard II Isabelle de France
33%
Richard II Isabelle de Valois
33%
Henri VIII Jeanne Seymour
33%
Édouard Ier Marguerite de France
33%
Étienne Mathilde de Boulogne
33%
Henri Ier Mathilde d'Écosse
33%
Marie Ier Philippe de Habsbourg
33%
Richard II Anne de Bohême
0%
Jacques Ier Anne de Danemark
0%
Richard III Anne Neville
0%
Charles II Catherine de Bragance
0%
Anne Georges de Danemark
0%
Jeanne Grey Guilford Dudley
0%
Charles Ier Henriette-Marie de France
0%
Henri IV Jeanne de Navarre
0%
Henri VI Marguerite d'Anjou
0%
Jacques II Marie de Modène
0%
Édouard III Philippa de Hainaut
0%
Aucun quiz correspondant
Distribution des résultats
% des personnes avec chaque résultat
Percentile par nombre de réponses
Votre historique - résultats
Vous n’avez pas pris ce quiz